LEADER 01543nam a2200337 a 4500 001 000000123362 003 CaOOAMICUS 005 20101014102922.0 008 101014t1993 it adf u001 u ita r 020 $a88-238-0189-3 040 $aPUL$bita 041 1 $aita$heng 082 04$a411 100 1 $aGelb, Ignace J.,$d1907-$0(OLS)http://pul/name/58961 240 10$aStudy of writing.$lItaliano.$0(OLS)http://pul/title/155471 245 10$aTeoria generale e storia della scrittura :$bfondamenti della grammatologia /$cIgnace J. Gelb ; a cura di Rocco Ronchi ; traduzione di Laura De Castro e Rocco Ronchi. 260 $aMilano :$bEGEA,$c©1993. 300 $aXLVIII, 360 p., [1] c. di tav. ripieg. :$bill., grafici ;$c21 cm. 490 1 $aTesti contemporanei ;$v5 500 $aComprende riferimenti bibliografici e indice. 650 4$aScrittura.$0(OLS)http://pul/subject/19368 650 4$aGrammatica$xTeorie.$0(OLS)http://pul/subject/23523 830 0$aTesti contemporanei ;$v5.$0(OLS)http://pul/title/155473 850 $aPUL 852 $aPUL$W1$xSL Diritto e Scienze Sociali 3$y79$m411 GELIG 1$j141977$qDDC 21$B140945$CPULBib$Z2$F140945 $H114890 $82 941 1 $a9 996 $6020$a88-238-0189-3$9(OLS)http://pul/number/145620 996 $6082$a411$9(OLS)http://pul/classification/1685 996 $6245$aTeoria generale e storia della scrittura :$bfondamenti della grammatologia$9(OLS)http://pul/title/155472 996 $6260$aMilano :$bEGEA$9(OLS)http://pul/publisher/61021 LEADER 01952nam a2200421 u 4500 001 000000044938 003 CaOOAMICUS 005 20070226114615.0 008 990513s1987 it cd u000 u ita u 020 $a8815016279 035 $a10823110 040 $aPUL(R)$bita$dPUL(R) 245 00$aEfficienza, stabilità ed equità :$buna strategia per l'evoluzione del sistema economico della Comunità europea /$cun rapporto di Tommaso Padoa-Schioppa con Michael Emerson [et al.] ; prefazione di Delors Jacques. 260 $aBologna :$bIl Mulino,$c1987. 300 $a298 p. :$bc. geogr. , diagr. ;$c21 cm 490 1 $aStudi e ricerche (Il Mulino) ;$v130 504 $aRiferimenti bibliografici p. 293. 610 24$aComunità economica europea (CEE).$0(OLS)http://pul/subject/11774 700 1 $aPadoa Schioppa, Tommaso.$0(OLS)http://pul/name/32770 700 1 $aDelors, Jacques,$d1925-2023.$0(OLS)http://pul/name/32772 700 1 $aEmerson, Michael.$0(OLS)http://pul/name/32771 710 2 $aComunità economica europea (CEE).$0(OLS)http://pul/name/29697 830 0$aStudi e ricerche (Il Mulino) ;$v130.$0(OLS)http://pul/title/1250 850 $aPUL 852 $aPUL$W1$xDP1 Cons. Gen., Altre Classi 1$y22$m45 N 65$j60416$nBK-PRI$b $qStampati$B60416$CPULBib$Z2$F60416 $H $81 910 $aUnione europea$929697 910 $aUnione europea$929697 910 $aCEE$929697 941 1 $a8 960 $aUnione europea$911774 960 $aUnione europea$911774 960 $aComunità europea (CE)$911774 960 $aComunità europea (CE)$911774 960 $aCEE$911774 961 $aINV: 59526 996 $6020$a8815016279$9(OLS)http://pul/number/56067 996 $6245$aEfficienza, stabilità ed equità :$buna strategia per l'evoluzione del sistema economico della Comunità europea$9(OLS)http://pul/title/60602 996 $6260$aBologna :$bIl Mulino$9(OLS)http://pul/publisher/47928